000 00334nam a2200133Ia 4500
008 230312s9999||||xx |||||||||||||| ||und||
082 _a629.132
_bBAS-A
100 _aM.Haufe
245 0 _aBasic Piston Engines:P/66-C/017
260 _bPerth College
_c2006
300 _a10
650 _aAviation
_vEngineering/Technology
942 _cBK
999 _c12924
_d12924